Lyrics von "Komet" erraten - Statistiken

Allgemein
  • Dieses Quiz wurde 84 mal gespielt
  • Das Durchschnittsergebnis liegt bei 211 aus 304
Antwortstatistiken
Antwort % Korrekt
Komet
100%
Ich
96%
ich
96%
ein
94%
Da
93%
da
93%
der
93%
Der
93%
wie
93%
bin
92%
den
92%
n
92%
und
90%
Und
90%
wenn
90%
dann
89%
Dann
89%
geh
89%
geh
89%
gekommen
89%
so
89%
die
86%
Die
86%
einschlägt
82%
zweimal
82%
Zweimal
82%
Das
80%
das
80%
im
80%
noch
79%
Doch
72%
doch
72%
es
72%
für
72%
mal
72%
auf
70%
immer
70%
Immer
70%
Hafen
69%
will
69%
am
68%
hör
68%
tut
68%
uns
68%
war
68%
weh
68%
Lass
66%
Lass
66%
letzte
66%
leb
65%
ne
65%
nochmal
65%
Nochmal
65%
sicher
65%
wo
65%
Wo
65%
Aufdreh
63%
aufdreh
63%
dass
63%
Lied
63%
Möwen
63%
nicht
63%
sing
63%
Vielleicht
63%
vielleicht
63%
Nummer
62%
Schnaps
62%
zum
62%
Bar
61%
genauso
61%
hier
61%
Applaus
59%
lang
59%
schmeckt
59%
Ja
58%
mehr
58%
schon
58%
zuhause
58%
andre
56%
dort
55%
irgendwo
55%
Rausschmiss
55%
Jahre
52%
vorher
52%
Zähl
52%
sitz
49%
tobt
49%
dichten
46%
Rauch
46%
seh
42%
er
41%
mit
41%
dem
39%
ab
38%
aus
38%
Fuß
37%
sind
37%
von
37%
Glas
35%
Sie
35%
Tage
35%
Nehm
34%
Club
32%
kein
32%
Straßen
32%
Taxifahrer
32%
Zeit
32%
als
31%
Frag
31%
Konfetti
31%
liegt
31%
mir
31%
einschlafen
30%
Fußabdruck
30%
mich
30%
passt
30%
rein
30%
anderer
28%
dir
28%
allein
27%
dei
25%
letzten
25%
Schluck
25%
allerletzten
24%
Ex
23%
fragt
23%
soll
23%
stärker
23%
Also
21%
aufdrehn
21%
sage
21%
setz
18%
ick
17%
wat
17%
Fahne
14%
Stolz
14%
Trage
14%
Keine übereinstimmenden Quizze gefunden
Verteilung der Resultate
Anzahl Personen mit jedem Resultat
Perzentil nach korrekt beantworteten Fragen
Ihre Resultats-Entwicklung
Sie haben dieses Quiz noch nicht gespielt